| 000 | 00342nam a2200121Ia 4500 | ||
|---|---|---|---|
| 008 | 241028s9999 xx 000 0 und d | ||
| 041 | _aeng | ||
| 082 | _a658.15 MOY | ||
| 100 | _aMoyer/ Mcguigan/ Rao | ||
| 245 | _aContemporary Financial Management With Mindtap | ||
| 260 |
_bCengage Learning India _aAustralia _c2018 |
||
| 300 | _a838;. P. 25 cm | ||
| 999 |
_c42972 _d42972 |
||